| 000 | 00654 am a2200205 a 4500 | ||
|---|---|---|---|
| 005 | 20240229084936.0 | ||
| 008 | 100326s1994||||sp a g |||| 000 0 spa d | ||
| 020 | _a8449400376 | ||
| 041 | _aspa | ||
| 092 |
_c403 _l16 _sDIC |
||
| 110 | 1 |
_aOcéano Grupo Editorial. _9348 |
|
| 245 |
_aDiccionario Ilustrado Océano de la Lengua Española / _cOcéano Grupo Editorial. |
||
| 250 | _a1a ed. | ||
| 260 |
_aBarcelona: _bOcéano; _c1994. |
||
| 300 | _a1048 p. | ||
| 500 | _aOcéano Grupo Editorial. (1994). Diccionario Ilustrado Océano de la Lengua Española. (1a ed.). Barcelona : Océano. | ||
| 653 | _aDiccionario | ||
| 930 | _a1889 | ||
| 942 |
_2ddc _cBK |
||
| 999 |
_c206 _d206 |
||